Научная аппаратура для получения высокооднородных и совершенных кристаллов полупроводников вертикальным методом Бриджмена в космических условиях; "Орбита молодёжи" и перспективы развития российской космонавтики

Bibliographische Detailangaben
Parent link:"Орбита молодёжи" и перспективы развития российской космонавтики.— 2017.— [С. 173-174]
Weitere Verfasser: Шикова И. А. (научный руководитель), Вараксин А. Г., Густинович Н. В., Чернышев Б. В., Абрамов В .В.
Zusammenfassung:Заглавие с экрана
Sprache:Russisch
Veröffentlicht: 2017
Schriftenreihe:Развитие ракетно-космической промышленностии производственных технологий
Schlagworte:
Online-Zugang:http://earchive.tpu.ru/handle/11683/44823
Format: MixedMaterials Elektronisch Buchkapitel
KOHA link:https://koha.lib.tpu.ru/cgi-bin/koha/opac-detail.pl?biblionumber=625138

MARC

LEADER 00000naa2a2200000 4500
001 625138
005 20231101133340.0
035 |a (RuTPU)RU\TPU\conf\24398 
090 |a 625138 
100 |a 20171207d2017 k y0rusy50 ca 
101 0 |a rus 
102 |a RU 
105 |a y z 101zy 
135 |a drgn ---uucaa 
181 0 |a i  
182 0 |a b 
200 1 |a Научная аппаратура для получения высокооднородных и совершенных кристаллов полупроводников вертикальным методом Бриджмена в космических условиях  |f И. А. Шикова [и др.]  |g науч. рук. В .В. Абрамов 
203 |a Текст  |c электронный 
225 1 |a Развитие ракетно-космической промышленностии производственных технологий 
230 |a 1 компьютерный файл (pdf; 162 Кб) 
300 |a Заглавие с экрана 
320 |a [Библиогр.: с. 174 (5 назв.)] 
463 0 |0 (RuTPU)RU\TPU\conf\23829  |t "Орбита молодёжи" и перспективы развития российской космонавтики  |o сборник докладов Всероссийской молодёжной научно-практической конференции, г. Томск, 18-22 сентября 2017 г.  |f Российская Федерация, Федеральное космическое агентство (Роскосмос) ; Национальный исследовательский Томский политехнический университет (ТПУ) ; Российская академия наук (РАН), Сибирское отделение (СО), Институт физики прочности и материаловедения (ИФПМ) ; Полюс  |v [С. 173-174]  |d 2017 
610 1 |a электронный ресурс 
610 1 |a научная аппаратура 
610 1 |a монокристаллы 
610 1 |a полупроводники 
610 1 |a метод Бриджмена 
610 1 |a космические условия 
701 1 |a Шикова  |b И. А. 
701 1 |a Вараксин  |b А. Г. 
701 1 |a Густинович  |b Н. В. 
701 1 |a Чернышев  |b Б. В. 
702 1 |a Абрамов  |b В .В.  |4 727 
801 2 |a RU  |b 63413507  |c 20171208  |g RCR 
856 4 |u http://earchive.tpu.ru/handle/11683/44823 
942 |c BK